[Event "ROM-ch U16 Girls"]
[Site "Calimanesti"]
[Date "2018.04.01"]
[Round "7"]
[White "Dumitru, Silvia Alexandra"]
[Black "Paraschiv, Petronela Alexandra"]
[Result "0-1"]
[WhiteElo "1223"]
[BlackElo "1739"]
[PlyCount "130"]
[EventDate "2018.03.27"]
[EventType "swiss"]
[EventRounds "9"]
[EventCountry "ROU"]
[SourceTitle "CBM 183 Extra"]
[Source "ChessBase"]
[SourceDate "2018.04.19"]
[SourceVersion "1"]
[SourceVersionDate "2018.04.19"]
[SourceQuality "1"]

1. e4 d6 2. d4 g6 3. Nf3 Bg7 4. Bc4 a6 5. Be3 b5 6. Bd3 Bb7 7. Nbd2 Nd7 8. Qe2 Ngf6 9. Bg5 h6 10. Bh4 Nh5 11. c4 Nf4 12. Qf1 b4 13. Bg3 Nxd3+ 14. Qxd3 c5 15. d5 Bxb2 16. Rb1 Bg7 17. Nh4 a5 18. a3 Ba6 19. f4 Qb6 20. 0-0 0-0-0 21. Nhf3 Nf6 22. Rfe1 Nh5 23. e5 Nxg3 24. hxg3 dxe5 25. Nxe5 Bxe5 26. fxe5 e6 27. d6 Bb7 28. Ne4 Bxe4 29. Qxe4 Qb7 30. Qxb7+ Kxb7 31. Rf1 Rd7 32. Kf2 Kc6 33. axb4 cxb4 34. Ra1 Ra8 35. Ke3 Kc5 36. Kd3 a4 37. Rf2 a3 38. Rfa2 Rda7 39. Rb1 Rb7 40. Rb3 Rd7 41. Ra1 a2 42. Rb2 Ra3+ 43. Kc2 Kxc4 44. Kd2 b3 45. Rc1+ Kb4 46. Ra1 Ra5 47. Kd3 Ka3 48. Re2 b2 49. Rae1 b1Q+ 50. Kc4 Qb5+ 51. Kd4 Qxe2 52. Rxe2 a1Q+ 53. Kc4 Qc1+ 54. Kd4 Rd5+ 55. Ke4 Qc4+ 56. Kf3 Rd3+ 57. Kf2 Qd4+ 58. Kf1 Rd1+ 59. Re1 Rxe1+ 60. Kxe1 Qxe5+ 61. Kf2 Rxd6 62. Kf3 Rd3+ 63. Kf2 Qd4+ 64. Ke2 Qe3+ 65. Kf1 Rd1# 0-1

[Event "ROM-ch U16 Girls"]
[Site "Calimanesti"]
[Date "2018.03.30"]
[Round "5"]
[White "Dumitru, Silvia Alexandra"]
[Black "Boncea Pentac, Salia Ana"]
[Result "0-1"]
[WhiteElo "1223"]
[BlackElo "1219"]
[PlyCount "174"]
[EventDate "2018.03.27"]
[EventType "swiss"]
[EventRounds "9"]
[EventCountry "ROU"]
[SourceTitle "CBM 183 Extra"]
[Source "ChessBase"]
[SourceDate "2018.04.19"]
[SourceVersion "1"]
[SourceVersionDate "2018.04.19"]
[SourceQuality "1"]

1. e4 e5 2. Bc4 Nf6 3. d3 c6 4. Nc3 d5 5. exd5 cxd5 6. Bb3 Bb4 7. Bd2 0-0 8. Nf3 Bg4 9. h3 Bh5 10. g4 Bg6 11. Qe2 e4 12. Ne5 Nc6 13. Nxc6 bxc6 14. 0-0-0 h6 15. g5 Bxc3 16. Bxc3 hxg5 17. Rhg1 Bh5 18. Qd2 g4 19. Qg5 Bg6 20. Bxf6 Qxf6 21. Qxf6 gxf6 22. Rxg4 Kh8 23. Rh4+ Kg7 24. dxe4 dxe4 25. Rg1 f5 26. Rh5 Kf6 27. Rhg5 Rg8 28. Ba4 c5 29. Bc6 Rac8 30. Bb7 Rcd8 31. h4 Rh8 32. Rh1 Bh5 33. a3 Bf3 34. Rhg1 Rxh4 35. b4 Rb8 36. Bd5 cxb4 37. axb4 Rxb4 38. Rg7 Ke5 39. Bb3 Bh5 40. Rh7 Kf6 41. Rh6+ Ke5 42. Kb2 Rb6 43. Rh7 a5 44. Ka3 Rh3 45. Ka4 Rg6 46. Rd1 Bxd1 47. Rxh3 Rc6 48. c3 Bxb3+ 49. Kxb3 Rc5 50. Rh1 f6 51. Rh7 Rb5+ 52. Ka4 Rc5 53. Kb3 Rc6 54. Rd7 Rd6 55. Ra7 Rd5 56. Kc4 a4 57. Rxa4 Rd6 58. Ra2 f4 59. Ra5+ Ke6 60. Ra2 f5 61. Kc5 Rd5+ 62. Kc6 Rd3 63. c4 e3 64. fxe3 fxe3 65. c5 Rd2 66. Ra1 e2 67. Re1 f4 68. Kb7 Rd7+ 69. Kb6 f3 70. c6 Rd6 71. Kb7 Kd5 72. c7 Rc6 73. c8Q Rxc8 74. Kxc8 Ke4 75. Ra1 Ke3 76. Ra3+ Kf2 77. Ra2 Kf1 78. Kd7 e1Q 79. Kd6 f2 80. Ra7 Qb4+ 81. Ke6 Qg4+ 82. Kd5 Kg1 83. Ra1+ f1Q 84. Ra7 Qff4 85. Kc6 Qg6+ 86. Kb7 Qff7+ 87. Ka8 Qgg8# 0-1

[Event "ROM-ch U14 Girls"]
[Site "Calimanesti Caciulata"]
[Date "2016.04.24"]
[Round "8"]
[White "Dumitru, Silvia Alexandra"]
[Black "Vornicescu, Maria Raluca"]
[Result "1-0"]
[WhiteElo "1067"]
[BlackElo "1001"]
[PlyCount "67"]
[EventDate "2016.04.18"]
[EventType "swiss"]
[EventRounds "9"]
[EventCountry "ROU"]
[SourceTitle "CBM 172 Extra"]
[Source "ChessBase"]
[SourceDate "2016.06.21"]
[SourceVersion "1"]
[SourceVersionDate "2016.06.21"]
[SourceQuality "1"]

1. e4 c6 2. d4 d5 3. exd5 cxd5 4. Bd3 Nf6 5. c3 Nc6 6. Bf4 e6 7. Nf3 Bd6 8. Bxd6 Qxd6 9. Nbd2 e5 10. dxe5 Nxe5 11. Qe2 Bg4 12. h3 Bxf3 13. Nxf3 Nfd7 14. 0-0 0-0 15. Nxe5 Nxe5 16. Bf5 Rfe8 17. Rfe1 h6 18. Rad1 Qf6 19. Qc2 Rad8 20. Re2 Rd6 21. Kf1 g6 22. Qa4 Ra8 23. Bg4 Ra6 24. Qb3 Nxg4 25. hxg4 Qg5 26. Qxb7 Qh4 27. Qxa8+ Kg7 28. Re8 Qh1+ 29. Ke2 Qxg2 30. Rg8+ Kf6 31. Qd8+ Ke5 32. Re8+ Re6 33. Rxe6+ fxe6 34. Qh8+ 1-0

[Event "ROM-ch U12 Girls"]
[Site "Calimanesti"]
[Date "2014.04.08"]
[Round "3"]
[White "Dumitru, Silvia Alexandra"]
[Black "Cristescu, Andreea Ioana"]
[Result "0-1"]
[WhiteElo "1033"]
[BlackElo "1076"]
[PlyCount "114"]
[EventDate "2014.04.06"]
[EventType "swiss"]
[EventRounds "9"]
[EventCountry "ROU"]
[SourceTitle "CBM 160 Extra"]
[Source "ChessBase"]
[SourceDate "2014.07.01"]
[SourceVersion "1"]
[SourceVersionDate "2014.07.01"]
[SourceQuality "1"]

1. e4 c5 2. Nf3 d6 3. d4 cxd4 4. Nxd4 Nf6 5. Nc3 g6 6. Be3 Bg7 7. h3 Nc6 8. Bc4 Bd7 9. 0-0 a6 10. Bb3 0-0 11. Re1 Qc7 12. Qd3 Ne5 13. Qd2 Nc6 14. Nd5 Nxd5 15. Bxd5 Ne5 16. Bf4 Rab8 17. Bxe5 dxe5 18. Nf3 h6 19. Qb4 Bc6 20. Bxc6 bxc6 21. Qd2 Rfd8 22. Qc3 Kf8 23. Rad1 Kg8 24. Rd3 Rxd3 25. Qxd3 Rxb2 26. Qc4 Rb8 27. Nd2 Rd8 28. Nb3 Bf6 29. Re3 Bg5 30. Rf3 e6 31. Nc5 Qc8 32. Nd3 Rd4 33. Qc5 Rd8 34. Nxe5 Rf8 35. Qa7 c5 36. Nxf7 Qe8 37. Nd6 Qe7 38. Rxf8+ Qxf8 39. Qxc5 Be7 40. e5 h5 41. Qc6 a5 42. Qd7 Kh8 43. Nc8 Bc5 44. Qxe6 Qxf2+ 45. Kh2 Qf4+ 46. Kh1 Bd4 47. Qe8+ Kh7 48. Ne7 Qf1+ 49. Kh2 Bxe5+ 50. g3 Qf2+ 51. Kh1 Qf6 52. Qg8+ Kh6 53. Qd5 Qxe7 54. c4 Bxg3 55. c5 Qe1+ 56. Kg2 Qf2+ 57. Kh1 Qh2# 0-1

[Event "ROM-ch U12 Girls"]
[Site "Calimanesti"]
[Date "2014.04.07"]
[Round "2"]
[White "Simion, Adela Maria"]
[Black "Dumitru, Silvia Alexandra"]
[Result "1-0"]
[WhiteElo "1184"]
[BlackElo "1033"]
[PlyCount "63"]
[EventDate "2014.04.06"]
[EventType "swiss"]
[EventRounds "9"]
[EventCountry "ROU"]
[SourceTitle "CBM 160 Extra"]
[Source "ChessBase"]
[SourceDate "2014.07.01"]
[SourceVersion "1"]
[SourceVersionDate "2014.07.01"]
[SourceQuality "1"]

1. e4 e5 2. Nf3 Nf6 3. Bc4 Bc5 4. 0-0 Nc6 5. Nc3 d6 6. h3 Be6 7. Bxe6 fxe6 8. Na4 Bb6 9. Nxb6 axb6 10. c3 0-0 11. Re1 Qe8 12. d4 exd4 13. cxd4 Qg6 14. e5 dxe5 15. dxe5 Ne4 16. Qc2 Rf4 17. Bxf4 Nc5 18. Qxg6 hxg6 19. Rad1 Ne4 20. Rxe4 Rc8 21. Nd4 Nb4 22. Nxe6 Nxa2 23. Rd8+ Rxd8 24. Nxd8 Nc1 25. Bxc1 Kf8 26. Nxb7 Kf7 27. Nd6+ cxd6 28. exd6 Kf6 29. d7 Kf5 30. Re7 Kf6 31. d8Q Kf5 32. Qf8# 1-0

[Event "ROM-ch U10 Girls"]
[Site "Calimanesti"]
[Date "2013.04.07"]
[Round "8"]
[White "Dumitru, Silvia Alexandra"]
[Black "Lazar, Irina Maria"]
[Result "1-0"]
[WhiteElo "1034"]
[BlackElo "1053"]
[PlyCount "45"]
[EventDate "2013.04.02"]
[EventType "swiss"]
[EventRounds "9"]
[EventCountry "ROU"]
[SourceTitle "CBM 153 Extra"]
[Source "ChessBase"]
[SourceDate "2013.04.22"]
[SourceVersion "1"]
[SourceVersionDate "2013.04.22"]
[SourceQuality "1"]

1. e4 e5 2. Bc4 Qe7 3. Nc3 Nf6 4. d3 d6 5. f4 Bg4 6. Nf3 Nc6 7. h3 Bxf3 8. Qxf3 Nd4 9. Qf2 Qd7 10. Be3 c5 11. Bxd4 exd4 12. Bb5 Qxb5 13. Nxb5 Rc8 14. e5 dxe5 15. fxe5 Rc6 16. exf6 Re6+ 17. Kd2 Rc6 18. Rhe1+ Kd8 19. Nxa7 Rxf6 20. Qg3 Bd6 21. Qg4 Bf4+ 22. Kd1 Bb8 23. Qc8# 1-0

[Event "ROM-ch U10 Girls"]
[Site "Calimanesti"]
[Date "2013.04.05"]
[Round "6"]
[White "Dumitru, Silvia Alexandra"]
[Black "Marin, Alexia Iuliana"]
[Result "0-1"]
[WhiteElo "1034"]
[BlackElo "1109"]
[PlyCount "32"]
[EventDate "2013.04.02"]
[EventType "swiss"]
[EventRounds "9"]
[EventCountry "ROU"]
[SourceTitle "CBM 153 Extra"]
[Source "ChessBase"]
[SourceDate "2013.04.22"]
[SourceVersion "1"]
[SourceVersionDate "2013.04.22"]
[SourceQuality "1"]

1. e4 e5 2. Bc4 Nf6 3. d3 h6 4. Nc3 Bc5 5. f4 Nc6 6. Nf3 d6 7. Bd2 Bg4 8. h3 Bh5 9. g4 Nxg4 10. Rf1 Nf6 11. Qc1 Ne7 12. Bb5+ c6 13. Bc4 Ng6 14. Nh2 Nxe4 15. dxe4 Qh4+ 16. Rf2 Qxf2# 0-1